000 00878nam a2200253Ia 4500
003 OSt
005 20220923212516.0
006 a|||||r|||| 00| 0
007 ta
008 220922b |||||||| |||| 00| 0 hin d
024 _a153,622
037 _cTextual
040 _aARTS
_cARTS
_bhin
041 _2hin
_ahin
082 _aO152vN, L3
100 _aअमिताभ
245 0 _aसमकालीन हिन्दी साहित्य
_b विवेचना मूल्यांकन माला
246 _aSamakālīn hindī sāhitya: vivechanā mūlyāankan mālā
260 _aमथुरा
_b जवाहर पुस्तकालय
_c1973
300 _a188 पृ.
_ccm.
650 _aहिन्दी साहित्य
_9156264
942 _hO152vN, L3
_cTEXL
_2CC
999 _c309263
_d309263